Fundamental of computer programming in c (Record no. 4918)

MARC details
000 -LEADER
fixed length control field 00424nam a2200157Ia 4500
003 - CONTROL NUMBER IDENTIFIER
control field SGT
020 ## - INTERNATIONAL STANDARD BOOK NUMBER
International Standard Book Number 9788188458585
082 ## - DEWEY DECIMAL CLASSIFICATION NUMBER
Classification number 5.133
Item number JHA
100 ## - MAIN ENTRY--PERSONAL NAME
Personal name Jha,S.K
245 ## - TITLE STATEMENT
Title Fundamental of computer programming in c
260 ## - PUBLICATION, DISTRIBUTION, ETC. (IMPRINT)
Name of publisher, distributor, etc S.K. Kataria & SONS
Place of publication, distribution, etc N.Delhi
Year of Publication 2010
300 ## - PAGE DESCRIPTION
No. of Pages 490p.
650 ## - SUBJECT ADDED ENTRY--TOPICAL TERM
Topical term or geographic name as entry element COMPUTER SCIENCE
653 ## - KEYWORDS--INDEX TERM
Keyword term COMPUTER SYSTEMS AND OPERATING SYSTEMS , INPUT / OUT PUT DEVICES
942 ## - ADDED ENTRY ELEMENTS (KOHA)
Source of classification or shelving scheme Dewey Decimal Classification
Koha item type Books
942 ## - ADDED ENTRY ELEMENTS (KOHA)
-- 20
Holdings
Withdrawn status Lost status Source of classification or shelving scheme Damaged status Not for loan Home library Current library Date acquired SGTU Total Checkouts Full call number Accession No. (Barcode) Date last seen Date last borrowed Bill Date Koha item type Total Renewals
    Dewey Decimal Classification     SGT Engineering Library SGT Engineering Library 28/04/2010 SGTU 1 5.133 JHA FE955 11/02/2025 06/02/2025 09/02/2015 Books  
    Dewey Decimal Classification     SGT Engineering Library SGT Engineering Library 28/04/2010 SGTU 12 5.133 JHA FE956 02/04/2025 20/03/2025 09/02/2015 Books 3
    Dewey Decimal Classification     SGT Engineering Library SGT Engineering Library 28/04/2010 SGTU 11 5.133 JHA FE957 18/03/2026 11/03/2026 09/02/2015 Books 2